The science and engineering of materials / (Record no. 599936)

000 -LEADER
fixed length control field 00345nam a2200121Ia 4500
008 - FIXED-LENGTH DATA ELEMENTS--GENERAL INFORMATION
fixed length control field 230907s9999||||xx |||||||||||||| ||und||
082 ## - DEWEY DECIMAL CLASSIFICATION NUMBER
Classification number 620.11
Author Mark ASK
100 ## - MAIN ENTRY--PERSONAL NAME
Personal name Askeland, Donald R.
9 (RLIN) 14727
245 #4 - TITLE STATEMENT
Title The science and engineering of materials /
260 ## - PUBLICATION, DISTRIBUTION, ETC.
Place of publication, distribution, etc. Cengage Learning,
Name of publisher, distributor, etc. Stamford, CT :
Date of publication, distribution, etc. 2011
300 ## - PHYSICAL DESCRIPTION
Extent xxi, 921 p. :
942 ## - ADDED ENTRY ELEMENTS (KOHA)
Koha item type Book
Holdings
Withdrawn status Lost status Damaged status Not for loan Permanent Location Current Location Date acquired Total Checkouts Total Renewals Full call number Barcode Date last seen Date last checked out Price effective from Koha item type
        US-Pakistan Center for Advanced Studies in Energy (USPCAS-E) US-Pakistan Center for Advanced Studies in Energy (USPCAS-E) 10/25/2019 2 1 620.11 ASK CAS-E0004035 03/16/2026 03/02/2026 09/12/2023 Book
© 2023 Central Library, National University of Sciences and Technology. All Rights Reserved.